00824cam a2200229Ma 450000500170000000800410001702000150005802000180007304000500009104100080014106000110014910000270016024500850018726000660027230000210033849000420035950400410040165000250044265000490046765000400051665000380055620180622105854.0140905s2001 xxu fr 001 0 eng d a0313315892 a9780313315893 aCO-BoUCMbspacJose A. GerenadJose A. Gerena0 aeng aWL 3851 aFriedlander, Walter J.14aThe history of modern epilepsybthe beginning, 1865-1914 cWalter J. Friedlander aWestport (Connecticut, Estados Unidos)bGreenwood Pressc2001 ax, 295 páginas1 aContributions in medical studiesv454 aIncluye referencias bibliográficas 7aEpilepsia xHistoria 7aEnfermedades del sistema nervioso xHistoria 7aEpilepsia xDiagnósticoxHistoria 7aEpilepsia xTratamientoxHistoria